01456agaaa2200289 45000010005000000030009000050050017000140070009000310080040000400400023000800410013001031000048001161300022001642450194001862500022003802600114004023000034005165080201005505110087007515380016008385460013008546500056008677000060009237000062009837000066010457000055011110215IT-RoPAU20220918181243.0d cvaizq50131s9999||||xx ||| | || ||und|| aIT-RoPAUcIT-RoPAU aITALIANO aDamiani DamianogCodice regista SPICS: 7592 aAMA IL TUO NEMICO aAMA IL TUO NEMICOcProdotto da: Cope Cecilia Caputi -- Sceneggiatura: Damiani Damiano Diana Graziano -- Diretto da: Damiani DamianopAMA IL TUO NEMICO (Rif. Codice opera principale : G0215) aEdizione Standard a(ITALIA)bRAI CINEMAFICTION - HILAND / Distribuzione: RAIDUEg"1999 (1° ed.: 1999 ; Ed. Lingua Orig.: 1999)" aVHSbsonoro, col.c215 minuti a"Fotografia: Grossi Sandro; Montaggio: Cutrj' Claudio; Musica: Ortolani Riz; Sceneggiatura: Damiani Damiano Diana Graziano; Scenografia: Turco Umberto; Soggetto: Damiani Damiano -- Diana Graziano" a"Di; Stefano Andrea; Dazzi Cecilia; Adorf Mario; Mondello Romina; Ranieri Massimo" aPAL, STEREO aITALIANO aDRAMMATICOeFILMS [VHS]xCodice MATERIA SPICS: 9960 aDamiani Damiano e(regista)gCodice regista SPICS: 7592 aDamiani Damiano e(soggetto)gCodice Soggetto SPICS: 7592 aDiana Graziano e(soggetto)gCodice Soggetto 2° SPICS: 25343 aOrtolani Rize(musica)gCodice Musica SPICS: 11049